000 00778nam a2200241 i 4500
003 DO-SdBNP
005 20240229073956.0
007 ta
008 110413s2016 dr a b | 000 0 spa d
040 _aDO-SdBNP
_bspa
_cBNPHU
_erda
082 _axxx
_bC355r
_222
100 1 _aVega, Bernardo,
_d1938 -
_93222
245 1 0 _aRespeto y responsabilidad, valores que nos conducen en armonía /
_cLuz Castro García
264 _aSanto Domingo :
_bDGII,
_c2016.
300 _a18 páginas
_bIlustraciones
_c15 cm.
336 _2rdacontent
_atexto
_btxt
337 _2rdamedia
_asin mediación
_bn
338 _2rdacarrier
_avolumen
_bnc
590 _aInventariado, 2023/ YL
710 1 _aDirección General de Impuestos Internos (DGII)
_983869
910 _aYLockward
942 _2ddc
_cLF2
999 _c54306
_d54306